• 首页
  • 本馆介绍
  • 公告通知
  • 最新文献
  • 馆藏检索
  • 电子资源
  • 读者导购
  • 参考咨询
  • 我的图书馆
  • 登录
  • 详细信息显示
  • 放入我的书架
  • 预约/预借图书
  • 作者相关作品
  • 分类相关作品
  • 丛书相关作品
  • 出版社相关作品

书目信息

  • 表格格式
  • 工作单格式
  • 卡片格式
题名:
分子结构、性质与活性
    
 
作者: 王连声 , 韩朔睽 编著
分册:  
出版信息: 北京   化学工业出版社  1997
页数: 412
开本: 20cm
丛书名:
单 册:
中图分类: O561.1
科图分类:
主题词: 分子物理学 , 原子物理学
电子资源:
ISBN: 7-5025-1866-5
000 00639nam0 2200205 450
001 0754114953
005 20070929150154.95
010    @a7-5025-1866-5
100    @a20070929d km y0chiy0120 ea
101 0  @achi
200 1  @a分子结构、性质与活性@Afen zi jie gou、xing zhi yu huo xing@f王连声,韩朔睽 等编著@Fwang lian sheng,han shuo kui deng bian zhu
210    @a北京@c化学工业出版社@d1997
215    @a412@c插图@d20cm
606 0  @a分子物理学
606 0  @a原子物理学
690    @aO561.1@v3
701  0 @a王连声@Awang lian sheng@4编著
701  0 @a韩朔睽@Ahan shuo kui@4编著
801  0 @aCN@bPFT@c20070929
905    @a213230@dO561.1@eh2@f1
    
    分子结构、性质与活性/王连声,韩朔睽 等编著.-北京:化学工业出版社,1997
    412:插图;20cm
    
    
    ISBN 7-5025-1866-5:
    
●
相关链接 在E读中查询图书 在五车中查询图书 在当当中查询图书 在豆瓣中查询图书


正题名:分子结构、性质与活性     索取号:O561.1/h2         预约/预借

序号 登录号 条形码 馆藏地/架位号 状态 备注
1 6001333   260013336   密集书库-化学系/ [索取号:O561.1/h2] 在馆    
唐山师范学院图书馆 欢迎您!
大连网信软件有限公司© 版权所有